| 000 | 00542nam a22001817a 4500 | ||
|---|---|---|---|
| 003 | LK-CoMWRAF | ||
| 005 | 20240229102750.0 | ||
| 008 | 240226b2004 |||||||| |||| 00| 0 eng d | ||
| 040 |
_aLK-CoMWRAF _dLK-CoMWRAF _eLK-CoMWRAF |
||
| 041 | _aeng | ||
| 082 |
_a303.6 _bPOW |
||
| 245 |
_aPower sharing: selected documents- _bSri Lanka |
||
| 260 |
_aColombo: _bSocial Scientists association, _c2004 |
||
| 260 |
_aColombo: _bBerghof foundation for conflict studies, _c2004 |
||
| 300 | _a179 p. | ||
| 650 | _aDEVOLUTION OF POWER-Sri Lanka | ||
| 942 | _cBK | ||
| 999 |
_c4818 _d4818 |
||